header

Markets, class and social change (Record no. 74454)

MARC details
000 -LEADER
fixed length control field 01469nam a22003494a 4500
082 04 - DEWEY DECIMAL CLASSIFICATION NUMBER
Classification number 381/.0954/091734
100 1# - MAIN ENTRY--AUTHOR NAME
Personal name Crow, Ben.
245 10 - TITLE STATEMENT
Title Markets, class and social change
260 ## - PUBLICATION, DISTRIBUTION, ETC. (IMPRINT)
Place of publication Houndmills, Basingstoke, Hampshire ;
-- New York :
Name of publisher Palgrave,
Year of publication 2001.
300 ## - PHYSICAL DESCRIPTION
Number of Pages xvii, 265 p. :
Other physical details ill., map.
650 #0 - SUBJECT ADDED ENTRY--TOPICAL TERM
Topical Term Markets
Topical Term Merchants
Topical Term Rural poor
Topical Term Markets
Topical Term Social classes
856 40 - ELECTRONIC LOCATION AND ACCESS
Uniform Resource Identifier http://site.ebrary.com/lib/rucke/Doc?id=10046631

No items available.

© 2026 Rongo University
Contact us: librarian | system librarian | Rongo university